000 00815nam a22001817a 4500
003 JO-AjAnu
005 20240402110010.0
008 240326b jo ||||| |||| 00| 0 ara d
040 _aJO-AjAnu
_cJO-AjAnu
041 _hara
100 0 _aاللجنة الوطنية الأردنية للنهوض باللغة العربية (بلسان عربي مبين)
_eاعداد
_965150
245 _aدليل ابحاث حوسبة اللغة العربية /
_bاعداد فريق العمل دليل ابحاث حوسبة اللغة العربية
260 _aعمان :
_bاللجنة الوطنية للنهوض باللغة العربية،
_c2019
300 _a 147 صفحة
504 _aالجزء الثاني
650 7 _vاللغة العربية-معالجة البيانات-بحوث
942 _2lcc
_cBK
_n0
999 _c33359
_d33359